Negotiate to succeed.
Đã lưu trong:
| Format: | Bog |
|---|---|
| Sprog: | English |
| Udgivet: |
London :
Hawksmere,
2000.
|
| Fag: | |
| Tags: |
Tilføj Tag
Ingen Tags, Vær først til at tagge denne postø!
|
| Thư viện lưu trữ: | Mạng thư viện Đại học Đà Nẵng |
|---|
| LEADER | 00754cam a2200325 i 4500 | ||
|---|---|---|---|
| 001 | 000046328 | ||
| 003 | 5790 | ||
| 005 | 20030327142923.0 | ||
| 008 | 010321|2000 vm 000 eng | ||
| 020 | |a 185418153X (pbk.) | ||
| 040 | |a IRC |c IRC |d IRC | ||
| 041 | 0 | |a eng | |
| 082 | 1 | 4 | |a 658.4052 |b Ne-S |
| 245 | 0 | 0 | |a Negotiate to succeed. |
| 260 | |a London : |b Hawksmere, |c 2000. | ||
| 300 | |a 175p. | ||
| 630 | 0 | 4 | |a Business. |
| 630 | 0 | 4 | |a Negotiation. |
| 650 | 0 | 4 | |a Negotiation in business. |
| 650 | 0 | 4 | |a Success. |
| OWN | |a DUT | ||
| 999 | |a From the UDN01 | ||
| TYP | |a Monograph | ||
| TYP | |a Printed language | ||
| 980 | |a Mạng thư viện Đại học Đà Nẵng | ||


